| 000 | 00462nam a22001697a 4500 | ||
|---|---|---|---|
| 005 | 20240823071602.0 | ||
| 008 | 240823b |||||||| |||| 00| 0 eng d | ||
| 020 | _a9789994573790 | ||
| 041 | _aEnglish | ||
| 082 | _a349 LAB | ||
| 100 | _lEnglish | ||
| 245 | _aLabour Act Compilation | ||
| 260 |
_aWindhoek: _bDe Beer Law Chambers, _c2015 |
||
| 300 |
_b380 pages; _c25 cm. |
||
| 650 |
_aLegal practice _bLaw |
||
| 942 |
_cBK _6ALISON_BN_VRIES |
||
| 999 |
_c2820 _d2820 |
||